Trách nhiệm hoà giải của toà án đối với các vụ án dân sự, kinh tế, lao động
Сохранить в:
| Главный автор: | |
|---|---|
| Формат: | |
| Язык: | Undetermined |
| Опубликовано: |
H.
CTQG
2002
|
| Предметы: | |
| Метки: |
Добавить метку
Нет меток, Требуется 1-ая метка записи!
|
| Thư viện lưu trữ: | Trung tâm Học liệu Trường Đại học Cần Thơ |
|---|
| LEADER | 00576nam a2200181Ia 4500 | ||
|---|---|---|---|
| 001 | CTU_53730 | ||
| 008 | 210402s9999 xx 000 0 und d | ||
| 020 | |b 22500 | ||
| 082 | |a 374.59709 | ||
| 082 | |b Th120 | ||
| 100 | |a Bùi Văn Thấm | ||
| 245 | 0 | |a Trách nhiệm hoà giải của toà án đối với các vụ án dân sự, kinh tế, lao động | |
| 245 | 0 | |c Bùi Văn Thấm | |
| 260 | |a H. | ||
| 260 | |b CTQG | ||
| 260 | |c 2002 | ||
| 650 | |a conciliation ( civil procedure ) | ||
| 980 | |a Trung tâm Học liệu Trường Đại học Cần Thơ | ||